000 00297nam a22001217a 4500
008 180813b xxu||||| |||| 00| 0 eng d
041 _aeng
080 _a616-053.2
100 _a8
101 _aPED
245 _aTo the Doctor Devoted to the Welfare of Children
_cStevenson,F.E
942 _2udc
_cBK
999 _c47020
_d47020